[Event "Paleochora op 15th"]
[Site "Paleochora"]
[Date "2022.07.17"]
[Round "1"]
[White "Triantafilidis, Mihail"]
[Black "Hamitevici, Vladimir"]
[Result "0-1"]
[WhiteElo "1991"]
[BlackElo "2473"]
[PlyCount "74"]
[EventDate "2022.07.17"]
[EventType "swiss"]
[EventRounds "9"]
[EventCountry "GRE"]
[SourceTitle "CBM 209 Extra"]
[Source "ChessBase"]
[SourceDate "2022.09.30"]
[SourceVersion "1"]
[SourceVersionDate "2022.09.30"]
[SourceQuality "1"]

1. Nf3 d5 2. g3 Nd7 3. d4 Ngf6 4. Bg2 Nb6 5. 0-0 Bf5 6. Nbd2 h6 7. c4 e6 8. b3 Be7 9. Bb2 0-0 10. Ne5 c5 11. Rc1 cxd4 12. cxd5 Nbxd5 13. Bxd4 Nf4 14. gxf4 Qxd4 15. e3 Qb4 16. Rc7 Nd5 17. a3 Qb6 18. Rd7 Rfd8 19. Bxd5 Rxd7 20. Nxd7 Qc7 21. Ne5 exd5 22. Qh5 g6 23. Qxh6 Bxa3 24. Ndf3 Bf8 25. Qh4 Qe7 26. Qg3 Bg7 27. Nd4 Qf6 28. Rd1 Rc8 29. Nxf5 Qxf5 30. Rxd5 Bxe5 31. Rxe5 Rc1+ 32. Kg2 Qb1 33. Re8+ Kg7 34. Qh4 Rg1+ 35. Kf3 Qd1+ 36. Ke4 Qc2+ 37. Ke5 Qc5+ 0-1

[Event "GRE-ch U20"]
[Site "Trikala"]
[Date "2021.08.26"]
[Round "5"]
[White "Triantafilidis, Mihail"]
[Black "Deligiannis, Christos Nikolaos"]
[Result "0-1"]
[WhiteElo "2014"]
[BlackElo "1735"]
[PlyCount "69"]
[EventDate "2021.08.23"]
[EventType "swiss"]
[EventRounds "9"]
[EventCountry "GRE"]
[SourceTitle "EXT 2022"]
[Source "ChessBase"]
[SourceDate "2021.10.06"]
[SourceVersion "1"]
[SourceVersionDate "2021.10.06"]
[SourceQuality "1"]

1. e4 c5 2. Nf3 d6 3. Bb5+ Nd7 4. 0-0 a6 5. Bd3 Ngf6 6. Re1 e6 7. c3 Be7 8. Bc2 c4 9. b3 b5 10. a4 cxb3 11. Bxb3 Bb7 12. Bc2 Nc5 13. d3 0-0 14. a5 Rc8 15. Bb2 Qc7 16. Re2 Qb8 17. Nbd2 Qa8 18. Qb1 e5 19. d4 Ne6 20. g3 Nd7 21. Bb3 Kh8 22. h4 Nc7 23. Ng5 Bxg5 24. hxg5 f6 25. g6 h6 26. Ba3 d5 27. Bc2 Rfe8 28. Qe1 exd4 29. cxd4 Ne6 30. Nf3 dxe4 31. Rxe4 Nxd4 32. Nxd4 Bxe4 33. Bxe4 Rxe4 34. Qd2 Ne5 35. Kf1 0-1

[Event "GRE-ch U20"]
[Site "Trikala"]
[Date "2021.08.23"]
[Round "1"]
[White "Triantafilidis, Mihail"]
[Black "Anagnostopoulos, Vasileios NA"]
[Result "1-0"]
[WhiteElo "2014"]
[BlackElo "1357"]
[PlyCount "69"]
[EventDate "2021.08.23"]
[EventType "swiss"]
[EventRounds "9"]
[EventCountry "GRE"]
[SourceTitle "EXT 2022"]
[Source "ChessBase"]
[SourceDate "2021.10.06"]
[SourceVersion "1"]
[SourceVersionDate "2021.10.06"]
[SourceQuality "1"]

1. d4 Nf6 2. c4 g6 3. Nc3 Bg7 4. Nf3 0-0 5. Bg5 d6 6. e3 c5 7. d5 e6 8. Be2 h6 9. Bh4 Na6 10. e4 exd5 11. cxd5 Nc7 12. Nd2 Rb8 13. a4 a6 14. a5 b5 15. axb6 Rxb6 16. Nc4 Rb8 17. Bg3 Nfe8 18. 0-0 Nb5 19. e5 dxe5 20. Nxe5 Bxe5 21. Bxe5 Ned6 22. Qc1 Kh7 23. Nxb5 axb5 24. Qxc5 Rb6 25. Bd3 Bf5 26. Bxf5 gxf5 27. Bd4 Rb7 28. Ra6 Rd7 29. Qc6 Qc8 30. Bc5 Rfd8 31. Bxd6 f6 32. Qxc8 Rxc8 33. b4 Rcd8 34. Bc5 Rxd5 35. Rxf6 1-0

[Event "Kavala op 30th"]
[Site "Kavala"]
[Date "2021.08.06"]
[Round "7"]
[White "Avramidou, Anastasia"]
[Black "Triantafilidis, Mihail"]
[Result "1-0"]
[WhiteElo "2238"]
[BlackElo "2014"]
[PlyCount "81"]
[EventDate "2021.08.01"]
[EventType "swiss"]
[EventRounds "9"]
[EventCountry "GRE"]
[SourceTitle "CBM 203 Extra"]
[Source "ChessBase"]
[SourceDate "2021.09.30"]
[SourceVersion "1"]
[SourceVersionDate "2021.09.30"]
[SourceQuality "1"]

1. d4 Nf6 2. c4 g6 3. Nc3 Bg7 4. e4 d6 5. h3 0-0 6. Be3 e5 7. d5 Na6 8. Bd3 c6 9. Nge2 Qe8 10. 0-0 Bd7 11. Qd2 cxd5 12. cxd5 Nc5 13. Bc2 b5 14. b4 Na4 15. Nxa4 bxa4 16. Rab1 Qc8 17. f3 Qa6 18. Bd3 Bb5 19. Bxb5 Qxb5 20. Nc3 Qa6 21. Qe2 Qb7 22. Qb5 Qe7 23. Qxa4 Nh5 24. Qc2 Rac8 25. Qd2 Nf4 26. Ne2 g5 27. Ng3 Rc4 28. Rfc1 Rfc8 29. Nf5 Qd7 30. Rxc4 Rxc4 31. Kh2 Bf8 32. Rc1 Rxc1 33. Qxc1 Nxd5 34. Bxg5 f6 35. Qc4 fxg5 36. Qxd5+ Qf7 37. a4 Qxd5 38. exd5 Kf7 39. b5 Be7 40. Nxe7 Kxe7 41. a5 1-0

[Event "GRE-ch U16"]
[Site "Patras"]
[Date "2019.07.01"]
[Round "9.3"]
[White "Triantafilidis, Mihail"]
[Black "Patrelakis, Evaggelos"]
[Result "0-1"]
[WhiteElo "2105"]
[BlackElo "2220"]
[PlyCount "92"]
[EventDate "2019.06.25"]
[EventType "swiss"]
[EventRounds "9"]
[EventCountry "GRE"]
[SourceTitle "EXT 2020"]
[Source "ChessBase"]
[SourceDate "2019.10.17"]
[SourceVersion "1"]
[SourceVersionDate "2019.10.17"]
[SourceQuality "1"]
[WhiteTeam "Greece"]
[BlackTeam "Greece"]
[WhiteTeamCountry "GRE"]
[BlackTeamCountry "GRE"]

1. e4 c5 2. Nf3 d6 3. d4 cxd4 4. Nxd4 Nf6 5. Nc3 a6 6. Be3 e6 7. g4 b5 8. g5 Nfd7 9. a3 Bb7 10. h4 Be7 11. Rg1 Nc6 12. h5 Nxd4 13. Qxd4 e5 14. Qd2 Nc5 15. f3 0-0 16. 0-0-0 Qc8 17. Kb1 Na4 18. Nxa4 bxa4 19. g6 Kh8 20. h6 fxg6 21. hxg7+ Kxg7 22. Bh6+ Kh8 23. Bxf8 Bxf8 24. Qg5 Qe6 25. Qe3 Qf7 26. Be2 Bc8 27. Qb6 Be6 28. Qc6 Rb8 29. Qxa4 Qc7 30. b3 Bh6 31. Rd3 Bd7 32. Qxa6 Bb5 33. Qxd6 Qxd6 34. Rxd6 Bxe2 35. Rg3 Bf4 36. Rh3 Bf1 37. Rh4 Bg2 38. Rd3 h5 39. Rd7 Bg3 40. Rd2 Bxh4 41. Rxg2 Kg7 42. a4 Rf8 43. a5 Ra8 44. b4 Be1 45. Rg5 Bxb4 46. Rxe5 Rxa5 0-1

[Event "Thessaloniki Novidis op 8th"]
[Site "Thessaloniki"]
[Date "2019.06.19"]
[Round "6"]
[White "Triantafilidis, Mihail"]
[Black "Tsakona, Maria"]
[Result "1-0"]
[WhiteElo "2105"]
[BlackElo "1550"]
[PlyCount "63"]
[EventDate "2019.06.14"]
[EventType "swiss"]
[EventRounds "7"]
[EventCountry "GRE"]
[SourceTitle "EXT 2020"]
[Source "ChessBase"]
[SourceDate "2019.10.17"]
[SourceVersion "1"]
[SourceVersionDate "2019.10.17"]
[SourceQuality "1"]

1. e4 e6 2. d4 d5 3. Nd2 c5 4. Ngf3 cxd4 5. exd5 Qxd5 6. Bc4 Qd6 7. 0-0 Nf6 8. Nb3 Nc6 9. Nbxd4 Nxd4 10. Nxd4 a6 11. c3 Qc7 12. Qe2 h6 13. Bb3 Bd6 14. h3 0-0 15. Qf3 b5 16. Qxa8 Bb7 17. Qa7 Bc5 18. Bf4 Qc8 19. Qb8 Qxb8 20. Bxb8 Rxb8 21. Rad1 Nd5 22. g3 b4 23. cxb4 Bxb4 24. a3 Be7 25. Rfe1 Bf6 26. Nxe6 fxe6 27. Rxe6 Bxb2 28. Rb6 Kh7 29. Bxd5 Bxd5 30. Rxb8 Be5 31. Rxd5 Bxb8 32. Ra5 1-0

[Event "Thessaloniki/Chalkidiki-chT"]
[Site "Thessaloniki/Chalkidiki"]
[Date "2019.02.24"]
[Round "6.9"]
[White "Gavriil, Odysseas Panagiotis"]
[Black "Triantafilidis, Mihail"]
[Result "1-0"]
[WhiteElo "2079"]
[BlackElo "1998"]
[PlyCount "41"]
[EventDate "2019.01.13"]
[EventType "team-tourn"]
[EventRounds "9"]
[EventCountry "GRE"]
[SourceTitle "EXT 2020"]
[Source "ChessBase"]
[SourceDate "2019.10.17"]
[SourceVersion "1"]
[SourceVersionDate "2019.10.17"]
[SourceQuality "1"]
[WhiteTeam "Galaxias"]
[BlackTeam "Keravnos MAPO"]
[WhiteTeamCountry "GRE"]
[BlackTeamCountry "GRE"]

1. d4 d6 2. e4 Nf6 3. Nc3 c6 4. Nf3 Nbd7 5. e5 Nd5 6. Nxd5 cxd5 7. e6 fxe6 8. Ng5 Qb6 9. a4 a6 10. a5 Qc6 11. Bd3 Nf6 12. Bxh7 Nxh7 13. Qh5+ Kd7 14. Nf7 Qxc2 15. Nxh8 Qe4+ 16. Be3 e5 17. 0-0 exd4 18. Ra4 e5 19. Qf7+ Kc6 20. Rc1+ Kb5 21. Qe8+ 1-0

[Event "Thessaloniki-Chalkidiki CupT"]
[Site "Thessaloniki"]
[Date "2019.02.09"]
[Round "1.1"]
[White "Triantafilidis, Mihail"]
[Black "Galaras, Anestis"]
[Result "1-0"]
[WhiteElo "1890"]
[BlackElo "1693"]
[PlyCount "81"]
[EventDate "2019.02.09"]
[EventType "team-swiss"]
[EventRounds "5"]
[EventCountry "GRE"]
[SourceTitle "EXT 2021"]
[Source "ChessBase"]
[SourceDate "2020.10.23"]
[SourceVersion "1"]
[SourceVersionDate "2020.10.23"]
[SourceQuality "1"]

1. e4 Nf6 2. e5 Nd5 3. d4 d6 4. Nf3 dxe5 5. Nxe5 c6 6. Qf3 Be6 7. c3 g6 8. Bd3 Bg7 9. 0-0 Nd7 10. Qg3 Nxe5 11. dxe5 Qb6 12. Nd2 Rd8 13. Bc2 0-0 14. Nf3 Qc5 15. Qh4 f6 16. Qg3 Nxc3 17. bxc3 Qxc3 18. Bxg6 hxg6 19. Qxg6 Bf7 20. Qg3 Qd3 21. Bb2 Qg6 22. e6 Be8 23. Ba3 f5 24. Rab1 b5 25. Bxe7 Qxg3 26. fxg3 Rd3 27. Nh4 Bd4+ 28. Kh1 Rf6 29. Bxf6 Bxf6 30. Nxf5 c5 31. Rfd1 Rxd1+ 32. Rxd1 c4 33. Nd6 Bc6 34. Rb1 a6 35. a4 c3 36. axb5 axb5 37. Nxb5 c2 38. Rc1 Be4 39. Na3 Bg5 40. Rxc2 Bxc2 41. Nxc2 1-0

[Event "GRE-ch U18"]
[Site "Rethymno"]
[Date "2019.01.08"]
[Round "9"]
[White "Brokalakis Gounaris, Christos"]
[Black "Triantafilidis, Mihail"]
[Result "0-1"]
[WhiteElo "2018"]
[BlackElo "1998"]
[PlyCount "70"]
[EventDate "2019.01.02"]
[EventType "swiss"]
[EventRounds "9"]
[EventCountry "GRE"]
[SourceTitle "CBM 188 Extra"]
[Source "ChessBase"]
[SourceDate "2019.02.26"]
[SourceVersion "1"]
[SourceVersionDate "2019.02.26"]
[SourceQuality "1"]

1. d4 Nf6 2. Nf3 g6 3. c4 Bg7 4. g3 d6 5. Bg2 0-0 6. Nc3 Nbd7 7. 0-0 e5 8. e4 Re8 9. Re1 c6 10. h3 a6 11. Be3 b5 12. a3 Bb7 13. b3 exd4 14. Bxd4 c5 15. Bxf6 Bxf6 16. Rc1 bxc4 17. bxc4 Nb6 18. Nd5 Bxd5 19. exd5 Rxe1+ 20. Nxe1 Rb8 21. Qc2 Kg7 22. Nd3 Nd7 23. Qa4 Rb6 24. Bf3 Ne5 25. Nxe5 Bxe5 26. Rc2 h5 27. Kg2 h4 28. Qa5 hxg3 29. fxg3 Qg5 30. Bg4 Rb3 31. Re2 Rxg3+ 32. Kh1 f5 33. Qc7+ Kh6 34. Rc2 fxg4 35. Qf7 Rxh3+ 0-1

[Event "GRE-ch U18"]
[Site "Rethymno"]
[Date "2019.01.05"]
[Round "6"]
[White "Alexakis, Dimitris"]
[Black "Triantafilidis, Mihail"]
[Result "1-0"]
[WhiteElo "2257"]
[BlackElo "1998"]
[PlyCount "65"]
[EventDate "2019.01.02"]
[EventType "swiss"]
[EventRounds "9"]
[EventCountry "GRE"]
[SourceTitle "CBM 188 Extra"]
[Source "ChessBase"]
[SourceDate "2019.02.26"]
[SourceVersion "1"]
[SourceVersionDate "2019.02.26"]
[SourceQuality "1"]

1. e4 Nf6 2. e5 Nd5 3. d4 d6 4. c4 Nb6 5. exd6 exd6 6. Nc3 Be7 7. h3 0-0 8. Nf3 Na6 9. Be2 c6 10. 0-0 d5 11. c5 Nd7 12. Bxa6 bxa6 13. Bf4 Bf6 14. Qa4 Bb7 15. Rfe1 Re8 16. Rxe8+ Qxe8 17. Re1 Qc8 18. Nd1 Nf8 19. Ne3 Ne6 20. Bd6 h5 21. h4 a5 22. Rd1 Ba6 23. Rd2 Bd8 24. Ne5 Bb5 25. Qd1 g6 26. a4 Ba6 27. Qf3 Qb7 28. Nxd5 Bc4 29. Ne7+ Kh8 30. Qxf7 Ng7 31. Qg8+ Bxg8 32. N5xg6+ Kh7 33. Nf8+ 1-0

[Event "Thessaloniki ESSTH HALK-ch U16 11th"]
[Site "Thessaloniki"]
[Date "2018.11.11"]
[Round "4.1"]
[White "Mitsiou, Konstantinos"]
[Black "Triantafilidis, Mihail"]
[Result "0-1"]
[WhiteElo "1289"]
[BlackElo "2001"]
[PlyCount "74"]
[EventDate "2018.11.03"]
[EventType "swiss"]
[EventRounds "6"]
[EventCountry "GRE"]
[SourceTitle "EXT 2024"]
[Source "ChessBase"]
[SourceDate "2023.10.10"]
[SourceVersion "1"]
[SourceVersionDate "2023.10.10"]
[SourceQuality "1"]

1. e4 c5 2. Nf3 e6 3. d4 cxd4 4. Nxd4 Nf6 5. Nc3 d6 6. Be3 a6 7. Bd3 Be7 8. f3 b5 9. Qd2 Bb7 10. 0-0-0 Nbd7 11. Nb3 b4 12. Ne2 d5 13. Ng3 0-0 14. Be2 Rc8 15. h4 a5 16. Bb5 Ne5 17. Bf4 Ng6 18. e5 Nd7 19. Bxd7 Qxd7 20. h5 Nxf4 21. Qxf4 a4 22. Na1 h6 23. Qg4 Qb5 24. Kb1 Rc4 25. Rd4 Rfc8 26. Rhd1 Qb6 27. Ne2 R4c7 28. f4 Ba6 29. Ng3 a3 30. f5 axb2 31. Kxb2 Bc4 32. f6 Bf8 33. Qf3 Qa6 34. Kc1 Qxa2 35. Kd2 b3 36. Rg4 bxc2 37. Rc1 Qa5+ 0-1

[Event "GRE-ch U16"]
[Site "Rio Achaia"]
[Date "2018.07.05"]
[Round "4"]
[White "Vardakas, Grigorios"]
[Black "Triantafilidis, Mihail"]
[Result "1/2-1/2"]
[WhiteElo "2093"]
[BlackElo "1909"]
[PlyCount "124"]
[EventDate "2018.07.03"]
[EventType "swiss"]
[EventRounds "9"]
[EventCountry "GRE"]
[SourceTitle "EXT 2019"]
[Source "ChessBase"]
[SourceDate "2018.10.10"]
[SourceVersion "1"]
[SourceVersionDate "2018.10.10"]
[SourceQuality "1"]

1. d4 Nf6 2. Nf3 d6 3. Bg5 Nbd7 4. Nbd2 h6 5. Bxf6 Nxf6 6. e4 g6 7. Bd3 Bg7 8. 0-0 0-0 9. c3 Nd7 10. Re1 e5 11. dxe5 dxe5 12. b4 Nc5 13. Bf1 Nd3 14. Re3 Nf4 15. Nc4 Qe7 16. Qc2 b6 17. Rd1 h5 18. g3 Nh3+ 19. Kh1 Bg4 20. Bg2 b5 21. Na5 Qf6 22. Rf1 Rad8 23. Ng1 Bd1 24. Qb2 Nxg1 25. Kxg1 Bh6 26. Nb7 Rd7 27. Nc5 Rdd8 28. Nb7 Rd7 29. Bh3 Bg4 30. Bxg4 hxg4 31. Nc5 Rd6 32. Rd3 Rfd8 33. Rfd1 Rxd3 34. Rxd3 Rxd3 35. Nxd3 Qf3 36. Nc5 Qd1+ 37. Kg2 Qf3+ 38. Kg1 Qd1+ 39. Kg2 Bc1 40. Qb3 Qxb3 41. axb3 Bd2 42. Na6 Bxc3 43. Nxc7 Bxb4 44. Nxb5 Bc5 45. f3 gxf3+ 46. Kxf3 f5 47. exf5 gxf5 48. g4 e4+ 49. Kf4 fxg4 50. Kxg4 Kf7 51. Nc3 e3 52. Kf3 Ke6 53. Nd1 Kd5 54. Nxe3+ Kd4 55. h4 Kc3 56. h5 Kxb3 57. h6 Bd4 58. Ke4 Bh8 59. Nd5 a5 60. Nb6 Kb4 61. Kd3 Kb5 62. Nd5 a4 1/2-1/2

[Event "Stavroupolis Novidis Memorial 7th"]
[Site "Stavroupolis"]
[Date "2018.06.25"]
[Round "7"]
[White "Tsikerdanos, Konstantinos"]
[Black "Triantafilidis, Mihail"]
[Result "0-1"]
[WhiteElo "1900"]
[BlackElo "1898"]
[PlyCount "62"]
[EventDate "2018.06.19"]
[EventType "swiss"]
[EventRounds "7"]
[EventCountry "GRE"]
[SourceTitle "EXT 2019"]
[Source "ChessBase"]
[SourceDate "2018.10.10"]
[SourceVersion "1"]
[SourceVersionDate "2018.10.10"]
[SourceQuality "1"]

1. e4 Nf6 2. d3 d5 3. Nd2 e5 4. Ngf3 Bg4 5. h3 dxe4 6. dxe4 Bh5 7. g4 Bg6 8. Bd3 Nbd7 9. Qe2 c6 10. b3 Qc7 11. Bb2 Bd6 12. Nc4 0-0 13. Nxd6 Qxd6 14. 0-0 Rfe8 15. Rad1 Qc7 16. Nh4 Nc5 17. Nf5 Ne6 18. Qf3 Rad8 19. Rfe1 h5 20. Qg3 Nf4 21. g5 Nxe4 22. Bxe5 Qxe5 23. Rxe4 Qxe4 24. Bxe4 Rxd1+ 25. Kh2 Rxe4 26. Ne3 Rd2 27. a4 Re2 28. Kh1 R4xe3 29. Qxf4 Rc3 30. Qb8+ Kh7 31. Qxa7 Rcxc2 0-1

[Event "GRE-ch Schools Gymnasia-C 30th"]
[Site "Peristeri"]
[Date "2018.04.02"]
[Round "8"]
[White "Triantafilidis, Mihail"]
[Black "Papadimitriou, Alexandros"]
[Result "1-0"]
[WhiteElo "1883"]
[BlackElo "1459"]
[PlyCount "59"]
[EventDate "2018.04.01"]
[EventType "swiss (rapid)"]
[EventRounds "9"]
[EventCountry "GRE"]
[SourceTitle "EXT 2019"]
[Source "ChessBase"]
[SourceDate "2018.10.10"]
[SourceVersion "1"]
[SourceVersionDate "2018.10.10"]
[SourceQuality "1"]

1. d4 Nf6 2. Nf3 e6 3. Bf4 d5 4. e3 Bd6 5. Ne5 0-0 6. Bd3 c5 7. c3 Nc6 8. Nd2 cxd4 9. exd4 Qb6 10. Qb1 Re8 11. Ndf3 Bxe5 12. dxe5 Nh5 13. Bxh7+ Kh8 14. Be3 Qc7 15. g4 f5 16. Bg6 fxg4 17. Bxh5 Rf8 18. Ng5 Rf5 19. Bxg4 Rxg5 20. Bxg5 Qxe5+ 21. Be3 Ne7 22. Qd3 Bd7 23. Qd4 Qd6 24. Qf4 e5 25. Qg3 Bc6 26. Qh3+ Kg8 27. Be6+ Kf8 28. Qh8+ Ng8 29. Qxg8+ Ke7 30. Bg5# 1-0

[Event "GRE-ch Schools Gymnasia-C 30th"]
[Site "Peristeri"]
[Date "2018.04.02"]
[Round "9"]
[White "Triantafilidis, Mihail"]
[Black "Vardakas, Grigorios"]
[Result "1-0"]
[WhiteElo "1883"]
[BlackElo "2075"]
[PlyCount "85"]
[EventDate "2018.04.01"]
[EventType "swiss (rapid)"]
[EventRounds "9"]
[EventCountry "GRE"]
[SourceTitle "EXT 2019"]
[Source "ChessBase"]
[SourceDate "2018.10.10"]
[SourceVersion "1"]
[SourceVersionDate "2018.10.10"]
[SourceQuality "1"]

1. e4 c5 2. Nf3 d6 3. d4 cxd4 4. Nxd4 Nf6 5. Nc3 a6 6. Bg5 e6 7. Be2 Be7 8. 0-0 0-0 9. a4 b6 10. f4 Bb7 11. Bf3 Nbd7 12. Qe2 Qc7 13. Rad1 Rfe8 14. Kh1 Nf8 15. e5 dxe5 16. fxe5 N6d7 17. Bf4 Ng6 18. Bg3 Rad8 19. Rde1 Bb4 20. Bxb7 Qxb7 21. Qc4 Bc5 22. Nf3 h6 23. h4 Rc8 24. Qg4 Bf8 25. h5 Ne7 26. Nd4 Nd5 27. Ne4 Be7 28. c3 Rf8 29. Rf2 b5 30. axb5 axb5 31. Ref1 b4 32. Rf3 bxc3 33. bxc3 Rcd8 34. c4 Nc7 35. Nf6+ Kh8 36. Ne4 Kg8 37. Nf6+ Kh8 38. Ne4 Kg8 39. Bh2 Qa8 40. Rg3 Bg5 41. Nxg5 Nxe5 42. Qf4 f6 43. Ngxe6 1-0